Roosevelt en perspectiva: un perfil de la historia
Uloženo v:
| Hlavní autor: | |
|---|---|
| Médium: | Kniha |
| Jazyk: | španělština |
| Vydáno: |
Buenos Aires
Americana
1956
|
| Témata: | |
| Tagy: |
Přidat tag
Žádné tagy, Buďte první, kdo vytvoří štítek k tomuto záznamu!
|
MARC
| LEADER | 00000nam a2200000 a 4500 | ||
|---|---|---|---|
| 001 | UCP7993 | ||
| 003 | CL-VaPUC | ||
| 008 | 000106e19560000AG |||||||||||||||||spa|d | ||
| 082 | 0 | 4 | |a 923.1 |b GUN |2 21 |
| 100 | |a Gunther, John |e author |9 438212 | ||
| 245 | 1 | 0 | |a Roosevelt en perspectiva: un perfil de la historia |
| 300 | |a 358 p | ||
| 942 | |c BK | ||
| 945 | |d 20000106 00:00:00 |a rherrera | ||
| 260 | |a Buenos Aires |b Americana |c 1956 | ||
| 600 | 0 | 7 | |a ROOSEVELT, FRANKLIN DELANO |2 CL-VaPUC |9 341242 |
| 650 | 0 | |a Bibliografías |9 257071 | |
| 650 | 0 | |a Presidentes |9 255176 | |
| 650 | 0 | |a Vida y obra |9 311871 | |
| 650 | 0 | |a Segunda Guerra Mundial |9 325982 | |
| 651 | 0 | |a Estados Unidos |9 255178 | |
| 583 | |a last modification |c 20000106 00:00:00 |k Rodrigo Vera | ||
| 999 | |c 285028 |d 285026 | ||
| 952 | |0 0 |1 0 |4 0 |6 923_100000000000000_GUN_1956 |7 0 |8 A |9 329379 |a BIBHIS |b BIBHIS |d 2019-11-20 |i 1377221 |o 923.1 GUN 1956 |p 1377221 |r 2025-01-20 |w 2019-11-20 |y BK |k HIS | ||